Terraria: Ultimate Fishing Quiz - Statistics

General Stats
  • This quiz has been taken 23 times
  • The average score is 39 of 147
Answer Stats
Hint Answer % Correct
Pre H Crate Wooden Crate
65%
bait - 25% Worm
65%
bait - 15% Apprentice Bait
60%
bait - 50% Master Bait
60%
fish - Literally anywhere Bass
55%
Pre H Crate Golden Crate
55%
Pre H crate Iron Crate
55%
bait - 666% Truffle Worm
55%
bait - 30% Journeyman Bait
50%
Angler Armor Angler Hat
45%
Angler Armor Angler Pants
45%
Pre H Crate Crimson CRate
45%
bait - 20% Firefly
45%
bait - 50% Gold Worm
45%
Pre H Crate Jungle Crate
45%
fish - forest + large body of water Salmon
45%
H mode Crate Titanium Crate
45%
Pre H Crate Corrupt CRate
40%
bait - 35% Enchanted Nightcrawler
40%
Bait - 5% Bait power Monarch Butterfly
40%
H mode Crate Mythril Crate
40%
Pre H Crate Ocean Crate
40%
Junk Old Shoe
40%
H mode Crate Pearlwood Crate
40%
Sword Rockfish
40%
Pre H Crate Sky CRate
40%
bait - 10% Snail
40%
fish - Ocean - common Tuna
40%
H mode Crate Azure Crate
35%
bait - 20% Blue Jellyfish
35%
Bomb Bomb Fish
35%
H mode Crate Boreal Crate
35%
Pre H Crate Dungeon Crate
35%
bait - 20% Green Jellyfish
35%
bait - 15% Grubby
35%
fish - crimson - uncommon Hemopiranha
35%
fish - honey - uncommon Honey fin
35%
bait - 17% Ladybug
35%
bait - 25% Lavafly
35%
Pre H Crate Oasis CRate
35%
fish - lava - rare Obsidifish
35%
fish - hallow - uncommon Princess fish
35%
Angler Accessory Tackle Box
35%
fish - ocean - Very common Trout
35%
Angler Accessory Angler Earring
30%
Angler Armor Angler vest
30%
fish - Cavern - Uncommon Armored Cavefish
30%
H mode Crate Bramble Crate
30%
bait - 40% Buggy
30%
fish - sky - Uncommon Damsel fish
30%
Blood moon Dreadnautilus
30%
fish - Corruption - uncommon Ebonkoi
30%
fish - Lava - Very Rare Flarefin koi
30%
fish - oasis/desert - Very common Flounder
30%
Accessory Frog Leg
30%
bait - 15% Glowing Snail
30%
fish - Very valuable - Very Rare Golden carp
30%
Fishing Rod - 50% Power Golden Fishing rod
30%
bait - 10% Grasshopper
30%
Pre H Crate Hallowed Crate
30%
bait - 15% Hell butterfly
30%
H mode Crate Hellstone Crate
30%
bait - 35% Magma Snail
30%
Fishing Rod - 30% Power Mechanic's Rod
30%
Pre H Crate Obsidian Crate
30%
loot box thing? Oyster
30%
bait - 20% Pink Jellyfish
30%
Pickaxe Reaver Shark
30%
Saw Sawtooth Shark
30%
bait - 10% Scorpion
30%
Junk Seaweed
30%
bait - 25% Sluggy
30%
Sword Swordfish
30%
fish - Ice - Common Atlantic Cod
25%
bait - 15% Black Scorpion
25%
Blood moon Blood Eel
25%
fish - Crimson - Common Crimson tigerfish
25%
Teleportation Device Demon Conch
25%
fish - Jungle - uncommon Double Cod
25%
Fishing Rod - 27% Power Fiberglass Fishing Pole
25%
Pre H Crate Frozen CRate
25%
bait - 50% Gold Butterfly
25%
bait - 50% Gold Grasshopper
25%
Blood moon Hemogoblin Shark
25%
fish - jungle - common Neon Tetra
25%
Sword Obsidian Swordfish
25%
fish - Oasis - Very Common Rock Lobster
25%
H mode Crate Seaside Crate
25%
Fishing Rod - 35% Power Sitting Ducks fishing pole
25%
Junk Tin Can
25%
Blood moon Wandering eye fish
25%
Blood moon Zombie Merman
25%
Angler Accessory Angler Tackle Bag
20%
bait - 20% Blue dragonfly
20%
fish - Hallow - Very Rare Chaos fish
20%
H mode Crate Defiled Crate
20%
fish - snow - Uncommon Frost minnow
20%
bait - 50% Gold Water Strider
20%
bait - 20% Green dragonfly
20%
H mode Crate Hematic Crate
20%
Fishing Rod - 45% Power Hotline Fishing Hook
20%
H mode Crate Mirage Crate
20%
bait - 20% Red Dragonfly
20%
fish - Ocean - Common Red Snapper
20%
fish - Ocean - uncommon Shrimp
20%
fish - Cavern - common Specular fish
20%
H mode Crate Stockade Crate
20%
bait - 10% Sulphur Butterfly
20%
magic Weapon ToxiCarp
20%
bait - 50% Tree Nymph Butterfly
20%
fish - Jungle - uncommon variegated Lardfish
20%
Fishing Rod - 5% Power Wood Fishing rod
20%
Fishing Rod - 25% Power Chum Caster
15%
H mode Crate DIvine Crate
15%
Throwing weapon Frost Daggerfish
15%
bait - 50% Gold Dragonfly
15%
Angler Accessory High Test Fishing Line
15%
bait - 25% Julia Butterfly
15%
Angler Accessory Lavaproof FIshing Hook
15%
fish - hallow - Rare Prismite
15%
Sword Purple Clubberfish
15%
fish - Cavern - rare Stink Fish
15%
bait - 17% Water Strider
15%
bait - 20% Yellow Dragonfly
15%
Consumable Advanced Combat Techniques
10%
bait - 20% Black Dragonfly
10%
bait - 50% Gold Ladybug
10%
bait - 35% Lightning Bug
10%
bait - 22% Maggot
10%
bait - 20% Orange Dragonfly
10%
bait - 30% Red Admiral Butterfly
10%
Mount scaly Truffle
10%
bait - 15% Zebra Swallowtail Butterfly
10%
Crafting Station Alchemy TAble
5%
Lava Caught Item Bottomless Lava Bucket
5%
Lava Caught Item Lava Absorbent Sponge
5%
Angler Accessory LavaProof Tackle Box
5%
bait - 35% Purple Emperor Butterfly
5%
bait - 20% Ulysses Butterfly
5%
Accessory Balloon Pufferdfish
0%
Sword Bladetoungue
0%
magic Weapon Crystal Serphant
0%
Fishing Rod - 20% Power Fisher Of Sould
0%
Fishing Rod - 22% Power Fletchcatcher
0%
Fishing Rod - 15% Power Reinforced Fishing Rid
0%
Fishing Rod - 25% Power Scarab Fishing Rods
0%
Pet Zephyr Pet
0%
No matching quizzes found
Score Distribution
Percent of People with Each Score
Percentile by Number Answered
Your Score History
You have not taken this quiz